[Event "Women's Speed Chess Q3"]
[Site "chess.com INT"]
[Date "2021.05.30"]
[Round "13"]
[White "Antonova, Nadezhda"]
[Black "Putri, Regita Desyari"]
[Result "0-1"]
[WhiteTitle "WFM"]
[BlackTitle "WFM"]
[WhiteElo "1877"]
[BlackElo "1897"]
[WhiteFideId "14700182"]
[BlackFideId "7109083"]
[EventDate "2021.05.30"]

1. b3 Nf6 2. Bb2 e6 3. g3 Be7 4. Bg2 d5 5. d3 O-O 6. Nf3 b6 7. Nbd2 Bb7 8. O-O
c5 9. Re1 Nbd7 10. e4 h6 11. exd5 Nxd5 12. Qe2 Bf6 13. Bxf6 N7xf6 14. Ne4 Qe7
15. Nxf6+ Qxf6 16. Nd2 Nc3 17. Qf1 Bxg2 18. Qxg2 Rad8 19. Ne4 Nxe4 20. Qxe4 Qc3
21. Qe2 Rd5 22. a4 a5 23. Rac1 Rfd8 24. Qe4 Qd4 25. Qe2 Rf5 26. Qe3 Qf6 27. Re2
Rd4 28. Rce1 Rf3 29. Qd2 Rd5 30. Re4 Rdf5 31. R1e2 h5 32. h4 Qg6 33. R4e3 Qg4
34. Rxf3 Qxf3 35. Qe3 Qxe3 36. Rxe3 Kf8 37. Kg2 Ke7 38. Re2 Kd6 39. Re4 Kd5 40.
Rc4 Re5 41. Kf1 g5 42. hxg5 Rxg5 43. Kg2 Rg4 44. f3 Rxc4 45. bxc4+ Kd4 46. g4
hxg4 47. fxg4 Kc3 48. Kf3 Kxc2 49. Ke3 Kb3 0-1

[Event "Women's Speed Chess Q3"]
[Site "chess.com INT"]
[Date "2021.05.30"]
[Round "13"]
[White "Koridze, Lile"]
[Black "Pham, Le Thao Nguyen"]
[Result "0-1"]
[WhiteTitle "WFM"]
[BlackTitle "IM"]
[WhiteElo "2016"]
[BlackElo "2369"]
[WhiteFideId "13612514"]
[BlackFideId "12401226"]
[EventDate "2021.05.30"]

1. d4 d5 2. c4 c6 3. Nc3 Nf6 4. Nf3 a6 5. e3 b5 6. cxd5 cxd5 7. Bd3 Bb7 8. O-O
e6 9. a3 Nbd7 10. Bd2 Bd6 11. Rc1 O-O 12. h3 h6 13. Qe2 Nb6 14. e4 dxe4 15. Nxe4
Nxe4 16. Bxe4 Bxe4 17. Qxe4 Nd5 18. Ne5 Rc8 19. Qg4 Kh8 20. Qh5 Kg8 21. Qg4 Nf6
22. Qe2 Qe7 23. Rc3 Rxc3 24. Bxc3 Nd5 25. Bd2 Rc8 26. Qg4 Bxe5 27. dxe5 Kh7 28.
Qe4+ Kg8 29. Rc1 Rxc1+ 30. Bxc1 Qc5 31. Qe1 Qc2 32. Qd2 Qxd2 33. Bxd2 h5 34. g3
Kf8 35. f4 Ke7 36. Kf2 g6 37. Kf3 Kd7 38. g4 hxg4+ 39. hxg4 Kc6 40. b4 Nb6 41.
Ke4 Nc4 42. Bc1 a5 43. f5 gxf5+ 44. gxf5 a4 45. fxe6 fxe6 46. Kd4 Nb6 47. Ke4
Kc7 48. Kd4 Nd7 49. Ke4 Kd8 50. Bg5+ Ke8 51. Kf4 Kf7 52. Ke4 Kg6 53. Be7 Kh5 0-1

[Event "Women's Speed Chess Q3"]
[Site "chess.com INT"]
[Date "2021.05.30"]
[Round "13"]
[White "Nguyen, Thi Mai Hung"]
[Black "Sliwicka, Alicja"]
[Result "0-1"]
[WhiteTitle "WGM"]
[BlackTitle "WIM"]
[WhiteElo "2254"]
[BlackElo "2346"]
[WhiteFideId "12401676"]
[BlackFideId "1150677"]
[EventDate "2021.05.30"]

1. d4 Nf6 2. Nf3 c5 3. d5 b5 4. c4 Bb7 5. Bg5 b4 6. Nbd2 d6 7. e4 g6 8. Bd3 Bg7
9. O-O O-O 10. Qc2 a5 11. Rfe1 Nbd7 12. h3 e6 13. e5 dxe5 14. dxe6 fxe6 15. Nxe5
Nxe5 16. Rxe5 Qd6 17. Rae1 Rad8 18. R5e3 Rde8 19. Nf3 Nh5 20. Ne5 Nf4 21. Bf1 h6
22. Bxf4 Rxf4 23. Nxg6 Rf6 24. Ne5 Rf5 25. Ng4 Rg5 26. Rg3 h5 27. Ne3 Rxg3 28.
fxg3 Qxg3 29. Qf2 Qg6 30. b3 Bd4 31. Kh2 Rf8 32. Qg3 Qxg3+ 33. Kxg3 Be5+ 34. Kh4
Bc6 35. Kxh5 Be8+ 36. Kh4 Rf4+ 37. Ng4 Bd4 38. Bd3 Bf2+ 39. Kg5 Rxg4+ 40. hxg4
Bxe1 41. Kf6 Bd7 42. g5 Bh4 43. g4 e5 44. Kxe5 Bxg4 45. Kf6 Bd1 46. Be4 Bf2 47.
Bd5+ Kf8 48. Be4 Bd4+ 49. Ke6 Kg7 50. Kd5 Be3 51. Kc6 Bxg5 52. Kb5 Be3 53. Kxa5
Kf6 54. Ka4 Ke5 55. Bb1 Kd4 56. Bg6 Kc3 0-1

[Event "Women's Speed Chess Q3"]
[Site "chess.com INT"]
[Date "2021.05.30"]
[Round "13"]
[White "Kazarian, Anna-Maja"]
[Black "Chu, Ruotong"]
[Result "1-0"]
[WhiteTitle "FM"]
[BlackTitle "WIM"]
[WhiteElo "2096"]
[BlackElo "2207"]
[WhiteFideId "1033689"]
[BlackFideId "8605653"]
[EventDate "2021.05.30"]

1. e4 c5 2. Nf3 e6 3. d4 cxd4 4. Nxd4 Nc6 5. Nb5 Nf6 6. N1c3 d6 7. Be2 a6 8. Nd4
Qc7 9. O-O b5 10. Bg5 Bb7 11. f4 Be7 12. Bf3 h6 13. Bxf6 Bxf6 14. Nxc6 Bxc6 15.
Ne2 Bxb2 16. Rb1 Bf6 17. Kh1 O-O 18. Nd4 Bb7 19. Qd3 Rfd8 20. g4 Rac8 21. g5
hxg5 22. fxg5 Bxg5 23. Rg1 Bf6 24. Rg2 Qc3 25. Nb3 Qxd3 26. cxd3 Rc3 27. Rd1
Rdc8 28. h3 Rc2 29. Rdd2 Rxd2 30. Rxd2 Bc3 31. Rc2 a5 32. Kg2 a4 33. Nc1 b4 34.
Kf1 Ba6 35. Ke2 Rb8 36. Kd1 Bd4 37. Ne2 Be3 38. Nc1 b3 39. axb3 axb3 40. Rb2 Bd4
41. Rxb3 Rxb3 42. Nxb3 Be3 43. Ke2 Bf4 44. Nd4 g6 45. Nc6 Kg7 46. Nb4 Bb5 47.
Nc2 Kf6 48. Nd4 Ba6 49. Nc2 Kg5 50. Kf2 Kh4 51. Be2 Kxh3 52. Ne1 Bg3+ 53. Kf1
Bxe1 54. Kxe1 Kg3 55. Kf1 f5 56. exf5 gxf5 57. Kg1 1-0

[Event "Women's Speed Chess Q3"]
[Site "chess.com INT"]
[Date "2021.05.30"]
[Round "13"]
[White "Mohota, Nisha"]
[Black "Ziegenfuss, Antonia"]
[Result "0-1"]
[WhiteTitle "IM"]
[BlackTitle "WFM"]
[WhiteElo "2195"]
[BlackElo "2157"]
[WhiteFideId "5004330"]
[BlackFideId "12962554"]
[EventDate "2021.05.30"]

1. b3 e5 2. Bb2 f6 3. d4 d6 4. e4 Nh6 5. Nf3 Be6 6. c4 Nd7 7. h3 g5 8. Be2 Bg7
9. d5 Bf7 10. Nc3 Ng8 11. Nd2 h5 12. Qc2 Qe7 13. O-O-O O-O-O 14. Kb1 Kb8 15. Rc1
Bg6 16. f3 Nh6 17. Bd3 Rhf8 18. b4 f5 19. Nb5 a6 20. Na3 Rc8 21. c5 dxc5 22.
bxc5 c6 23. Nb3 cxd5 24. exd5 e4 25. fxe4 fxe4 26. Be2 Ne5 27. Ka1 Nd3 28. Bxd3
exd3 29. Qd2 Bxb2+ 30. Qxb2 Nf5 31. c6 Nd6 32. cxb7 Qxb7 33. Rb1 Ka7 34. Na5
Qxb2+ 35. Rxb2 Nc4 36. Rb3 Nxa5 37. Rxd3 Bxd3 38. Re1 Rf1 39. Rxf1 Bxf1 40. Kb2
Rd8 41. Nc2 Nc4+ 42. Kc3 Ne5 43. Ne3 Bb5 44. Kd4 Nc6+ 45. Kc5 Ne7 46. d6 Nc8 47.
Nf5 Bf1 48. g4 hxg4 49. hxg4 Bh3 50. Kc6 Bxg4 51. Kc7 Bxf5 52. Kxd8 Nxd6 53. Ke7
g4 54. Kxd6 g3 55. Ke5 g2 56. Kxf5 g1=Q 57. Ke5 Qc5+ 58. Ke4 Qc2+ 59. Kd4 Qxa2
60. Kc5 Qb3 61. Kc6 a5 62. Kc7 a4 63. Kc8 a3 64. Kd8 a2 65. Kc7 a1=Q 66. Kd6 Qc1
67. Ke7 Qd3 68. Ke8 Qe1+ 69. Kf7 Qf3+ 70. Kg6 Qg1+ 71. Kh6 Qh3# 0-1

[Event "Women's Speed Chess Q3"]
[Site "chess.com INT"]
[Date "2021.05.30"]
[Round "13"]
[White "Gevorgyan, Maria"]
[Black "Szente Varga, Fruzsina"]
[Result "0-1"]
[WhiteTitle "WGM"]
[BlackTitle "WFM"]
[WhiteElo "2219"]
[BlackElo "2100"]
[WhiteFideId "13300270"]
[BlackFideId "712264"]
[EventDate "2021.05.30"]

1. e4 Nf6 2. e5 Nd5 3. d4 d6 4. c4 Nb6 5. f4 dxe5 6. fxe5 Nc6 7. Nf3 Bg4 8. Be3
e6 9. Nc3 Qd7 10. Rc1 O-O-O 11. h3 Bxf3 12. gxf3 Nxd4 13. Kf2 Nf5 14. Qe1 Qc6
15. Kg2 Be7 16. Nb5 Nxe3+ 17. Qxe3 Kb8 18. a4 a6 19. Nc3 Nxc4 20. Bxc4 Qxc4 21.
Ne4 Qd5 22. Rhd1 Qxe5 23. Re1 Qf5 24. Rc4 Qg6+ 25. Kh1 Bd6 26. Rec1 Qh5 27. Nxd6
Qxh3+ 28. Kg1 Rxd6 29. Rxc7 Qg3+ 30. Kf1 Rhd8 31. Qb3 Qh3+ 32. Kg1 Qg3+ 33. Kf1
Rd1+ 34. Rxd1 Qxc7 35. Rxd8+ Qxd8 36. Qc3 g6 37. Qe5+ Qc7 38. Qh8+ Ka7 39. Qxh7
Qc1+ 40. Kg2 Qxb2+ 41. Kg3 Qf6 42. Qh1 e5 43. Qg1+ Qb6 44. Qd1 f5 45. Qd5 Qf6
46. a5 f4+ 47. Kg2 Qg5+ 48. Kf1 Qe7 49. Kg2 g5 50. Kh3 Qc7 51. Kg4 b6 52. axb6+
Kxb6 53. Kxg5 a5 54. Kf5 a4 55. Qe6+ Kb5 56. Qd5+ Qc5 57. Qd3+ Ka5 58. Qd2+ Qb4
59. Qd5+ Qb5 60. Qd2+ Ka6 61. Qd6+ Kb7 62. Qe7+ Kb6 63. Qd6+ Qc6 64. Qb4+ Kc7
65. Qe7+ Qd7+ 66. Qxd7+ Kxd7 67. Kxe5 a3 68. Kxf4 a2 0-1

[Event "Women's Speed Chess Q3"]
[Site "chess.com INT"]
[Date "2021.05.30"]
[Round "13"]
[White "Kanyamarala, Trisha"]
[Black "Skuhala, Barbara"]
[Result "1-0"]
[WhiteTitle "WIM"]
[BlackTitle "WFM"]
[WhiteElo "2180"]
[BlackElo "2077"]
[WhiteFideId "45004722"]
[BlackFideId "14605465"]
[EventDate "2021.05.30"]

1. e4 c5 2. Nf3 d6 3. d4 cxd4 4. Qxd4 Nf6 5. Nc3 Nc6 6. Bb5 Bd7 7. Bxc6 Bxc6 8.
O-O g6 9. Bf4 Bg7 10. Qd3 O-O 11. h3 a6 12. Rfe1 Rc8 13. Rad1 b5 14. Nd5 Bxd5
15. exd5 Nd7 16. c3 Nc5 17. Qd2 Rc7 18. Bh6 Re8 19. Bxg7 Kxg7 20. Qd4+ Kg8 21.
Qh4 Nd7 22. Ng5 Nf6 23. Re2 Kg7 24. Qd4 h6 25. Ne4 Qc8 26. Rde1 Rd8 27. Nxf6
exf6 28. Re3 Rc4 29. Qd2 Qc5 30. Rf3 Rd7 31. Rd3 b4 32. Qe3 bxc3 33. bxc3 Rc7
34. Qf3 Rxc3 35. Rxc3 Qxc3 36. Qe2 Qc2 37. Qe8 Qc3 38. Re4 Rc8 39. Qe7 f5 40.
Re3 Qc7 41. Qh4 Qc1+ 42. Kh2 Qc5 43. Qf4 Qxd5 44. Rf3 Rc4 45. Qe3 Qe5+ 46. Qxe5+
dxe5 47. Ra3 Rc2 48. Rxa6 Rxf2 49. a4 Ra2 50. a5 e4 51. Ra7 f4 52. a6 e3 53. Re7
Rxa6 54. Re4 g5 55. Kg1 Ra2 56. Kf1 Kg6 57. Kg1 f5 58. Re8 Kh5 59. Re6 Kh4 60.
Kh2 f3 61. Rxh6# 1-0

[Event "Women's Speed Chess Q3"]
[Site "chess.com INT"]
[Date "2021.05.30"]
[Round "13"]
[White "Nomin-Erdene, Davaademberel"]
[Black "Vo, Thi Kim Phung"]
[Result "0-1"]
[WhiteTitle "IM"]
[BlackTitle "WGM"]
[WhiteElo "2382"]
[BlackElo "2335"]
[WhiteFideId "4900782"]
[BlackFideId "12401838"]
[EventDate "2021.05.30"]

1. f4 d5 2. Nf3 c5 3. g3 Nc6 4. Bg2 Nf6 5. O-O g6 6. d3 Bg7 7. c3 O-O 8. Na3 a6
9. Qe1 Qb6 10. Kh1 Rd8 11. e4 dxe4 12. dxe4 e5 13. Nc4 Qc7 14. fxe5 Ng4 15. Bf4
Be6 16. Ne3 Ngxe5 17. Nxe5 Bxe5 18. Nd5 Bxd5 19. exd5 Bxf4 20. gxf4 Re8 21. Qh4
Ne7 22. c4 Nf5 23. Qf6 Qd6 24. Qxd6 Nxd6 25. b3 Re7 26. Rf2 Rae8 27. Raf1 f5 28.
Kg1 Kf7 29. a3 Re3 30. Rb2 Rc3 31. b4 Rxc4 32. bxc5 Rxc5 33. Rb6 Rd8 34. Re1 Rd7
35. Re6 Nc4 36. Rb1 Nd6 37. h3 b5 38. Rbe1 a5 39. R6e5 Rc4 40. Rf1 Rc3 41. Rf3
Rc1+ 42. Kh2 Rc4 43. Re2 b4 44. axb4 axb4 45. Rb2 Rd4 46. Rfb3 Rb7 47. Re3 Rxf4
48. Kg3 Rd4 49. Re6 Rd7 50. Re3 Nc4 51. Ree2 Nxb2 52. Rxb2 Rb7 53. Kf2 Rd7 54.
Ke3 Rh4 55. Kd3 Kf6 56. Re2 g5 57. Re6+ Kf7 58. d6 Kxe6 59. Kc2 Kxd6 60. Kb3 Ke5
61. Bc6 Rd3+ 62. Kc2 Rdxh3 63. Bb5 Rc3+ 64. Kb2 Rh2+ 0-1

[Event "Women's Speed Chess Q3"]
[Site "chess.com INT"]
[Date "2021.05.30"]
[Round "13"]
[White "Novikova, Anna"]
[Black "Enkhtuul, Altan-Ulzii"]
[Result "1-0"]
[WhiteTitle "WIM"]
[BlackTitle "WGM"]
[WhiteElo "2247"]
[BlackElo "2228"]
[WhiteFideId "4146794"]
[BlackFideId "4901444"]
[EventDate "2021.05.30"]

1. e4 Nf6 2. e5 Nd5 3. d4 d6 4. c4 Nb6 5. f4 dxe5 6. fxe5 c5 7. d5 e6 8. Nc3
exd5 9. cxd5 Qh4+ 10. g3 Qd4 11. Nf3 Qxd1+ 12. Kxd1 Bg4 13. Be2 N8d7 14. Re1
O-O-O 15. Bf4 Nxd5 16. Nxd5 Nb6 17. Kc2 Nxd5 18. a3 Be7 19. h4 Nc7 20. Ng5 Bxg5
21. Bxg4+ Kb8 22. Bxg5 Rd4 23. Bf3 Ne6 24. Rad1 Rhd8 25. Be3 Rxd1 26. Rxd1 Re8
27. Re1 h6 28. Bg4 Nc7 29. Bf4 Nd5 30. Rd1 Nxf4 31. gxf4 g6 32. h5 g5 33. fxg5
hxg5 34. Re1 f6 35. e6 Re7 36. Bf5 Kc7 37. h6 Kd6 38. h7 Re8 39. Rd1+ Ke5 40.
Rf1 Rh8 41. Kc3 g4 42. a4 g3 43. Bg6 Kxe6 44. Rg1 f5 45. Rxg3 Kf6 46. Kd2 f4 47.
Rg1 Rd8+ 48. Ke2 Kg7 49. Kf3 Kh8 50. Kxf4 Rf8+ 51. Bf5 a6 52. Rg8+ Rxg8 53.
hxg8=Q+ Kxg8 54. Ke5 Kf7 55. a5 Ke7 56. Kd5 Kf6 57. Kxc5 Kxf5 58. Kb6 Ke5 59.
Kxb7 Kd5 60. Kxa6 Kc6 61. b4 Kc7 62. b5 Kb8 63. b6 Ka8 64. Kb5 Kb7 65. a6+ Kb8
66. Kc6 Ka8 67. b7+ Ka7 68. Kb5 Kb8 69. Kc6 Ka7 70. Kc7 Kxa6 71. b8=Q Ka5 72.
Qb3 Ka6 73. Qb6# 1-0

[Event "Women's Speed Chess Q3"]
[Site "chess.com INT"]
[Date "2021.05.30"]
[Round "13"]
[White "Vargas, Gabriela"]
[Black "Nanditha, V"]
[Result "1-0"]
[WhiteTitle "WIM"]
[BlackTitle "WCM"]
[WhiteElo "2170"]
[BlackElo "1666"]
[WhiteFideId "3700860"]
[BlackFideId "46626697"]
[EventDate "2021.05.30"]

1. d4 d5 2. Nf3 Nf6 3. Bg5 e6 4. Nbd2 Be7 5. e3 O-O 6. Bd3 Nbd7 7. c3 c5 8. O-O
b6 9. Ne5 Bb7 10. f4 Ne4 11. Bxe7 Qxe7 12. Rf3 f5 13. Rh3 Rf6 14. Nxd7 Qxd7 15.
Nf3 Raf8 16. Ne5 Qe8 17. Bxe4 dxe4 18. dxc5 bxc5 19. Nd7 Bd5 20. Nxf8 Qxf8 21.
Qh5 Rh6 22. Qg5 Rg6 23. Qh4 Rh6 24. Qf2 Rg6 25. Rg3 Rh6 26. b3 c4 27. bxc4 Bxc4
28. Qd2 Bd5 29. Rb1 Rf6 30. Qd4 Rf7 31. c4 Bc6 32. c5 Bd5 33. a3 h6 34. Qe5 Kh7
35. Rb8 Qe7 36. Rh3 Qxc5 37. Qb2 Rc7 38. Rg3 Qc2 39. Qxc2 Rxc2 40. Rb1 Rc7 41.
Ra1 h5 42. h4 g6 43. Rh3 Kg7 44. g3 Kf6 45. Rh2 Rc3 46. Re2 Bc4 47. Ree1 Rc2 48.
Rac1 Rxc1 49. Rxc1 Bd5 50. Rc7 a6 51. Kf2 Bc4 52. Ke1 Bb5 53. Kd2 Bd3 54. Kc3
Bb5 55. Kb4 Be2 56. a4 e5 57. a5 exf4 58. gxf4 g5 59. Rc6+ Kf7 60. fxg5 f4 61.
exf4 Bd3 62. Kc3 Bb5 63. Rf6+ Kg7 64. Kd4 Bd3 65. Re6 Kf7 66. Rxe4 Bxe4 67. Kxe4
Ke6 68. f5+ Ke7 69. Ke5 Kf7 70. Kd5 Ke7 71. Kc5 Kd7 72. Kb6 Kd6 73. Kxa6 Ke5 74.
Kb5 Kxf5 75. a6 Kg4 76. a7 Kxh4 77. a8=Q Kxg5 78. Qh1 Kg4 79. Kc4 Kg3 80. Kd4 h4
81. Ke3 h3 82. Qg1+ Kh4 83. Qh2 Kg4 84. Ke4 Kh4 85. Kf4 Kh5 86. Qxh3+ Kg6 87.
Qe6+ Kg7 88. Qd7+ Kf8 89. Kg5 Kg8 90. Kg6 Kf8 91. Qf7# 1-0

[Event "Women's Speed Chess Q3"]
[Site "chess.com INT"]
[Date "2021.05.30"]
[Round "13"]
[White "Linares Napoles, Oleiny"]
[Black "Mendoza, Shania Mae"]
[Result "0-1"]
[WhiteTitle "WGM"]
[BlackTitle "WFM"]
[WhiteElo "2255"]
[BlackElo "2158"]
[WhiteFideId "3504794"]
[BlackFideId "5211158"]
[EventDate "2021.05.30"]

1. d4 d5 2. Bf4 Nf6 3. e3 g6 4. Nf3 Bg7 5. Nc3 O-O 6. h4 c5 7. h5 Nc6 8. hxg6
hxg6 9. Qd2 b6 10. O-O-O Ne4 11. Nxe4 dxe4 12. Ng5 cxd4 13. exd4 Qxd4 14. Qxd4
Nxd4 15. Nxe4 Bb7 16. Nc3 Rac8 17. Bh6 Nf5 18. Bxg7 Kxg7 19. Rd7 Rb8 20. Rh3
Rfd8 21. Rhd3 Rxd7 22. Rxd7 Kf6 23. g4 Nd6 24. Rc7 Rc8 25. Rxc8 Nxc8 26. Be2 Nd6
27. Kd2 e5 28. f3 Kg5 29. Ke3 f5 30. gxf5 gxf5 31. b3 Kh4 32. Kf2 f4 33. Bd3 Kg5
34. a3 Kf6 35. b4 Ke6 36. a4 Bc6 37. Ke2 Ne8 38. Be4 Bd7 39. Kd3 Nf6 40. Ba8 Kd6
41. Ne4+ Nxe4 42. Bxe4 Bxa4 43. c4 Bc6 44. Bxc6 Kxc6 45. Ke4 Kd6 46. c5+ bxc5
47. bxc5+ Kxc5 48. Kxe5 a5 49. Kxf4 Kd4 50. Kf5 a4 51. f4 a3 52. Ke6 a2 53. f5
a1=Q 54. f6 Qa8 55. f7 Qf8 56. Kf6 Ke4 57. Ke6 Kf4 58. Kf6 Kg4 59. Kg6 Kf3 60.
Kf6 Ke4 61. Ke6 Qg7 62. Ke7 Qe5+ 63. Kf8 Kf5 64. Kg8 Qe6 65. Kh8 Qh6+ 66. Kg8
Kg6 67. f8=N+ Kf6 68. Nh7+ Ke7 69. Kh8 Qg6 70. Nf8 Qf6+ 71. Kh7 Qxf8 72. Kg6 Qf1
73. Kg5 Ke6 74. Kg4 Qf5+ 75. Kg3 Ke5 76. Kg2 Ke4 77. Kg3 Qf4+ 78. Kg2 Qf3+ 79.
Kh2 Kf5 80. Kg1 Qe2 81. Kh1 Kg4 82. Kg1 Kg3 83. Kh1 Qf1# 0-1

[Event "Women's Speed Chess Q3"]
[Site "chess.com INT"]
[Date "2021.05.30"]
[Round "14"]
[White "Bivol, Alina"]
[Black "Shuvalova, Polina"]
[Result "1-0"]
[WhiteTitle "WGM"]
[BlackTitle "IM"]
[WhiteElo "2385"]
[BlackElo "2484"]
[WhiteFideId "4100123"]
[BlackFideId "24171760"]
[EventDate "2021.05.30"]

1. e4 c5 2. Nf3 d6 3. g3 g6 4. d3 Bg7 5. Bg2 Nc6 6. O-O e6 7. c3 Nge7 8. d4 cxd4
9. cxd4 O-O 10. Nc3 Bd7 11. Be3 Rc8 12. h3 a6 13. d5 exd5 14. exd5 Na5 15. Bd4
Nc4 16. Bxg7 Kxg7 17. Qd4+ Kg8 18. Rfe1 Nf5 19. Qf4 Qb6 20. Ne4 Nxb2 21. Nf6+
Kh8 22. Nxd7 Qa5 23. Nxf8 Rxf8 24. Qg5 Nd3 25. Qf6+ Kg8 26. Red1 Nb2 27. Qxb2 1-0

[Event "Women's Speed Chess Q3"]
[Site "chess.com INT"]
[Date "2021.05.30"]
[Round "14"]
[White "Sliwicka, Alicja"]
[Black "Kiolbasa, Oliwia"]
[Result "1/2-1/2"]
[WhiteTitle "WIM"]
[BlackTitle "WIM"]
[WhiteElo "2346"]
[BlackElo "2255"]
[WhiteFideId "1150677"]
[BlackFideId "1154613"]
[EventDate "2021.05.30"]

1. e4 e5 2. Nf3 Nc6 3. Nc3 Nf6 4. a3 d5 5. Bb5 Nxe4 6. Qe2 Nxc3 7. Qxe5+ Qe7 8.
Qxe7+ Bxe7 9. dxc3 Bd7 10. Bf4 O-O-O 11. O-O-O Bg4 12. Bxc6 bxc6 13. Rd3 Rhe8
14. h3 Bf5 15. Rd2 Bd6 16. Bxd6 Rxd6 17. Nd4 Bd7 18. Nb3 Rde6 19. Nc5 Re1+ 20.
Rxe1 Rxe1+ 21. Rd1 Re2 22. Rd2 Re1+ 23. Rd1 Re2 24. Rd2 Re1+ 1/2-1/2

[Event "Women's Speed Chess Q3"]
[Site "chess.com INT"]
[Date "2021.05.30"]
[Round "14"]
[White "Pourkashiyan, Atousa"]
[Black "Tokhirjonova, Gulrukhbegim"]
[Result "1-0"]
[WhiteTitle "WGM"]
[BlackTitle "WGM"]
[WhiteElo "2322"]
[BlackElo "2350"]
[WhiteFideId "12502014"]
[BlackFideId "14203626"]
[EventDate "2021.05.30"]

1. e4 e5 2. Nf3 Nc6 3. Bb5 a6 4. Ba4 Nf6 5. O-O Nxe4 6. d4 b5 7. Bb3 d5 8. dxe5
Be6 9. Nbd2 Be7 10. c3 O-O 11. Bc2 f5 12. Nb3 Qd7 13. Nbd4 Nxd4 14. Nxd4 c5 15.
Nxe6 Qxe6 16. f3 Ng5 17. Bf4 Rad8 18. Qd2 Nf7 19. Rfe1 g6 20. a4 b4 21. cxb4
cxb4 22. Bb3 Bc5+ 23. Kh1 Rfe8 24. Rad1 Qb6 25. Bxd5 Kg7 26. e6 Rxe6 27. Rxe6
Qxe6 28. Bxe6 Rxd2 29. Rxd2 Kf6 30. Bxf7 Kxf7 31. Bd6 1-0

[Event "Women's Speed Chess Q3"]
[Site "chess.com INT"]
[Date "2021.05.30"]
[Round "14"]
[White "Nurmanova, Alua"]
[Black "Alboredo, Julia"]
[Result "1-0"]
[WhiteTitle "WFM"]
[BlackTitle "WFM"]
[WhiteElo "2008"]
[BlackElo "2182"]
[WhiteFideId "13729390"]
[BlackFideId "2124807"]
[EventDate "2021.05.30"]

1. e4 c5 2. Nf3 d6 3. d4 cxd4 4. Nxd4 Nf6 5. Nc3 g6 6. Be3 Bg7 7. f3 O-O 8. Qd2
Nc6 9. Bc4 Bd7 10. h4 Rc8 11. Bb3 h5 12. O-O-O Ne5 13. Bg5 Nc4 14. Bxc4 Rxc4 15.
Nb3 a5 16. e5 Ne8 17. exd6 Nxd6 18. Qxd6 exd6 19. Bxd8 Rxd8 20. Rxd6 Bf8 21. Rd5
a4 22. Na5 Rc5 23. Rxc5 Bxc5 24. Nxb7 Bb6 25. Nxd8 Bxd8 26. Rd1 Bxh4 27. Rxd7
Bg5+ 28. Kd1 a3 29. b4 Bf6 30. Nd5 Be5 31. b5 1-0

[Event "Women's Speed Chess Q3"]
[Site "chess.com INT"]
[Date "2021.05.30"]
[Round "14"]
[White "Pandey, Srishti"]
[Black "Tarasova, Viktoriya"]
[Result "0-1"]
[WhiteTitle "WFM"]
[BlackTitle "WIM"]
[WhiteElo "2026"]
[BlackElo "2226"]
[WhiteFideId "35093290"]
[BlackFideId "4175840"]
[EventDate "2021.05.30"]

1. d4 Nf6 2. c4 e6 3. Nf3 b6 4. a3 Bb7 5. Nc3 d5 6. cxd5 exd5 7. Bg5 Be7 8. e3
O-O 9. Bd3 Nbd7 10. Qc2 h6 11. Bh4 Re8 12. O-O Rc8 13. b4 a6 14. Rac1 Ne4 15.
Bxe7 Qxe7 16. Ne2 Ndf6 17. Nf4 c5 18. bxc5 bxc5 19. dxc5 Rxc5 20. Qb2 Rec8 21.
Nd4 Rxc1 22. Rxc1 Rxc1+ 23. Qxc1 Qc5 24. Qb2 Qc3 25. Qxb7 Qe1+ 26. Bf1 Qxf2+ 27.
Kh1 Qxf1# 0-1

[Event "Women's Speed Chess Q3"]
[Site "chess.com INT"]
[Date "2021.05.30"]
[Round "14"]
[White "Skuhala, Barbara"]
[Black "Ribeiro, Regina"]
[Result "1-0"]
[WhiteTitle "WFM"]
[BlackTitle "WIM"]
[WhiteElo "2077"]
[BlackElo "1920"]
[WhiteFideId "14605465"]
[BlackFideId "2100681"]
[EventDate "2021.05.30"]

1. e4 c6 2. d4 d5 3. f3 dxe4 4. fxe4 e5 5. Nf3 exd4 6. Bc4 Be6 7. Bxe6 fxe6 8.
O-O c5 9. Ne5 Nf6 10. Ng4 Be7 11. e5 Nxg4 12. Qxg4 g6 13. Nd2 Nc6 14. Qxe6 Qd7
15. Qf7+ Kd8 16. Ne4 Kc7 17. Bf4 Kb6 18. e6 Qd5 19. a4 Qxe4 20. a5+ Ka6 21. Rae1
Qf5 22. Bg3 Qxf7 23. exf7 Bf8 24. Be5 Nxe5 25. Rxe5 Rd8 26. Re8 Bd6 27. Rfe1 Bc7
28. Rxh8 1-0

[Event "Women's Speed Chess Q3"]
[Site "chess.com INT"]
[Date "2021.05.30"]
[Round "14"]
[White "Buksa, Nataliya"]
[Black "Purtseladze, Maka"]
[Result "1-0"]
[WhiteTitle "IM"]
[BlackTitle "IM"]
[WhiteElo "2414"]
[BlackElo "2274"]
[WhiteFideId "14123622"]
[BlackFideId "13602659"]
[EventDate "2021.05.30"]

1. d4 Nf6 2. Nc3 d5 3. Bf4 Nbd7 4. e3 c6 5. Nf3 g6 6. h4 Bg7 7. Bd3 h5 8. Ne5
Nxe5 9. Bxe5 O-O 10. Qe2 Ng4 11. Bxg7 Kxg7 12. f3 Nf6 13. O-O-O Re8 14. e4 e5
15. dxe5 Rxe5 16. f4 Bg4 17. Qf2 Re8 18. e5 Ng8 19. Be2 Nh6 20. Bxg4 Nxg4 21.
Qf3 Qd7 22. Ne2 f6 23. exf6+ Nxf6 24. Nd4 Qg4 25. f5 Qxf3 26. gxf3 gxf5 27.
Rhg1+ Kh7 28. Nxf5 Rg8 29. Rg5 Rg6 30. Re1 Re8 31. Rxe8 Rxg5 32. Re7+ Kg6 33.
hxg5 Ng8 34. Rg7+ Kxf5 35. Rxg8 h4 1-0

[Event "Women's Speed Chess Q3"]
[Site "chess.com INT"]
[Date "2021.05.30"]
[Round "14"]
[White "Padmini, Rout"]
[Black "Mendoza, Shania Mae"]
[Result "1-0"]
[WhiteTitle "IM"]
[BlackTitle "WFM"]
[WhiteElo "2370"]
[BlackElo "2158"]
[WhiteFideId "5029295"]
[BlackFideId "5211158"]
[EventDate "2021.05.30"]

1. e4 e5 2. Nf3 Nc6 3. Bc4 Nf6 4. d3 Be7 5. O-O O-O 6. Re1 h6 7. c3 a6 8. a4 d6
9. Nbd2 Be6 10. Ba2 d5 11. exd5 Nxd5 12. Nxe5 Nxe5 13. Rxe5 Bf6 14. Re1 c6 15.
Ne4 Be7 16. d4 Re8 17. Qh5 Qd7 18. h3 Bf8 19. Bxh6 g6 20. Qh4 Be7 21. Bg5 Kg7
22. Qh6+ Kg8 23. Bxd5 Bxg5 24. Bxe6 1-0

[Event "Women's Speed Chess Q3"]
[Site "chess.com INT"]
[Date "2021.05.30"]
[Round "14"]
[White "Cori T., Deysi"]
[Black "Bodnaruk, Anastasia"]
[Result "0-1"]
[WhiteTitle "WGM"]
[BlackTitle "IM"]
[WhiteElo "2388"]
[BlackElo "2457"]
[WhiteFideId "3801934"]
[BlackFideId "4181751"]
[EventDate "2021.05.30"]

1. d4 Nf6 2. Nf3 g6 3. e3 Bg7 4. Be2 O-O 5. O-O d6 6. b4 a5 7. b5 Nbd7 8. Bb2 c6
9. c4 cxb5 10. cxb5 Nb6 11. Nbd2 h6 12. a4 g5 13. e4 d5 14. e5 Ne4 15. Nxe4 dxe4
16. Nd2 Bf5 17. Bg4 Bg6 18. Qe2 f5 19. exf6 exf6 20. Be6+ Kh7 21. Rfd1 f5 22.
Nb3 Nd5 23. Bxd5 Qxd5 24. Nc5 b6 25. Na6 Ra7 26. Rac1 f4 27. Qc4 Qf5 28. Ba3
Rff7 29. Qf1 f3 30. g3 e3 31. fxe3 f2+ 32. Kh1 Qf3+ 33. Qg2 Be4 34. Rg1 Qxg2+
35. Rxg2 f1=Q+ 36. Rxf1 Rxf1# 0-1